| 000 | 00834nam a22002657a 4500 | ||
|---|---|---|---|
| 001 | 0074 | ||
| 003 | DO-SdBNP | ||
| 005 | 20180223103534.0 | ||
| 007 | 0074 | ||
| 008 | 151106b sp 1966 spa ||||| |||| 00| 0 spa d | ||
| 040 |
_aBPMSU _bspa _cBPMSU |
||
| 041 | 1 | 7 |
_aspa _heng |
| 100 | 1 | 0 | _aHolmberg, Ake |
| 240 | 1 |
_aTure Sventon, privatdetektiv Fortælling. _lEspañol |
|
| 245 | 1 | 0 |
_aTeban Sventon en Estocolmo / _cAke Holmberg ; traducción Mariano Orta Manzano ; ilustración José Correas |
| 260 |
_aBarcelona, España : _bJuventud, _c1966. |
||
| 300 |
_a149 p. : _bil. ; _c21 cm. |
||
| 490 | 1 |
_aTeban Sventon _v19 |
|
| 700 | 1 | 0 |
_aOrta Manzano, Mariano, _etr. |
| 700 | 1 | 0 |
_aCorreas, José, _eil. |
| 830 | 0 |
_aTeban Sventon _v19 |
|
| 942 |
_2ddc _cBK |
||
| 945 | _aInventariado, 2018 /LP | ||
| 956 |
_aBrenda Tavárez _b10 _c20151106 |
||
| 999 |
_c8610 _d8610 |
||